| 000 | 01284 a2200229 4500 | ||
|---|---|---|---|
| 003 | Nust | ||
| 005 | 20230830081559.0 | ||
| 010 | _a 91013815 | ||
| 020 | _c0471930628 : | ||
| 040 | _cNust | ||
| 082 | 0 | 0 | _a621.38132,EDW |
| 100 | 1 |
_aEdwards, T. C. _996975 |
|
| 245 | 1 | 0 |
_aFoundations for microstrip circuit design / _cTerry Edwards. |
| 250 | _a2nd ed. | ||
| 260 |
_aChichester, West Sussex, England ; _aNew York : _bWiley, _c1991. |
||
| 300 |
_axii, 414 p. : _bill. ; _c24 cm. |
||
| 505 | _aA Basic Review of TEM-mode Transmission Line Theory (Page-1), Transmission Line Options for Microwave Integrated Circuits (page-17),Static-TEM Parameters and Design at Lower Frequencies (Page-41), Behaviors and Design at High Frequencies (Page-77), Discontinuities in Micro strip (Page-127), Parallel-Coupled micro strip Lines and Directional Couples (Page-173), Power Capabilities, Transition and measurement Tech (Page-229), Passive MICs (Page-267), Active MICs and MMICs (Page-313), Micro strip Antennas (Page-353). | ||
| 650 | 0 | _aTelecommunication Engineering. | |
| 856 | 4 | 2 |
_3Publisher description _uhttp://www.loc.gov/catdir/enhancements/fy0607/91013815-d.html |
| 856 | 4 | 2 |
_3Table of contents only _uhttp://www.loc.gov/catdir/enhancements/fy0607/91013815-t.html |
| 942 |
_cREF _2ddc |
||
| 999 |
_c175615 _d175615 |
||